[Event "Catalunya-chT GpA final"]
[Site "Barcelona"]
[Date "2015.04.18"]
[Round "11.1"]
[White "Alonso Moyano, Jonathan"]
[Black "Alexandrova, Olga"]
[Result "0-1"]
[WhiteElo "2401"]
[BlackElo "2432"]
[PlyCount "100"]
[EventDate "2015.03.14"]
[EventType "team-tourn"]
[EventRounds "11"]
[EventCountry "ESP"]
[SourceTitle "EXT 2016"]
[Source "ChessBase"]
[SourceDate "2015.10.08"]
[SourceVersion "1"]
[SourceVersionDate "2015.10.08"]
[SourceQuality "1"]
[WhiteTeam "Barbera"]
[BlackTeam "Barcelona Escola Escacs"]
[WhiteTeamCountry "ESP"]
[BlackTeamCountry "ESP"]

1. e4 e6 2. d4 d5 3. Nd2 c5 4. Ngf3 cxd4 5. exd5 Qxd5 6. Bc4 Qd6 7. 0-0 Nf6 8. Nb3 Nc6 9. Nbxd4 Nxd4 10. Nxd4 a6 11. Re1 Be7 12. Bd3 0-0 13. Nf3 b5 14. a4 b4 15. Ne5 Bb7 16. Qe2 Qd5 17. Qf1 Bd6 18. f4 Bc5+ 19. Kh1 Bd4 20. h3 Qd6 21. Qe2 g6 22. Bd2 a5 23. c3 bxc3 24. bxc3 Bc5 25. Rab1 Qc7 26. Kh2 Rad8 27. c4 Ba6 28. g3 Rb8 29. Rec1 Rxb1 30. Rxb1 Rd8 31. Qe1 Qd6 32. Bxa5 Rc8 33. Rd1 Qe7 34. Bc3 Bb7 35. Ba1 Ba8 36. g4 Qb7 37. Qe2 Be7 38. Rb1 Qa7 39. Re1 Bb4 40. Rf1 Be7 41. g5 Nh5 42. Ng4 Bf8 43. Nh6+ Bxh6 44. gxh6 Qd7 45. Rg1 f6 46. Bxg6 hxg6 47. Rxg6+ Kh8 48. Qxh5 Qd2+ 49. Kg3 Qe1+ 50. Kg4 Bf3+ 0-1

[Event "Catalunya-chT GpA final"]
[Site "Barcelona"]
[Date "2015.04.11"]
[Round "10.1"]
[White "Alexandrova, Olga"]
[Black "Perpinya Rofes, Lluis Maria"]
[Result "0-1"]
[WhiteElo "2432"]
[BlackElo "2408"]
[PlyCount "101"]
[EventDate "2015.03.14"]
[EventType "team-tourn"]
[EventRounds "11"]
[EventCountry "ESP"]
[SourceTitle "EXT 2016"]
[Source "ChessBase"]
[SourceDate "2015.10.08"]
[SourceVersion "1"]
[SourceVersionDate "2015.10.08"]
[SourceQuality "1"]
[WhiteTeam "Barcelona Escola Escacs"]
[BlackTeam "Colon Sabadell"]
[WhiteTeamCountry "ESP"]
[BlackTeamCountry "ESP"]

1. d4 Nf6 2. Bg5 Ne4 3. Bf4 c5 4. f3 Qa5+ 5. c3 Nf6 6. Nd2 cxd4 7. Nb3 Qd8 8. cxd4 e6 9. e4 Nc6 10. Bd3 a5 11. Ne2 a4 12. Nd2 d5 13. 0-0 Qb6 14. Kh1 Be7 15. b3 0-0 16. bxa4 Qa7 17. Nb3 dxe4 18. fxe4 e5 19. Bg3 exd4 20. e5 Ng4 21. Nexd4 Nxd4 22. Nxd4 Ne3 23. Bxh7+ Kh8 24. Qd3 Nxf1 25. Rxf1 Qa6 26. Nb5 g6 27. e6 Bxe6 28. Bxg6 fxg6 29. Re1 Bf5 30. Qe3 Bf6 31. Nc7 Qxa4 32. Nxa8 Qxa8 33. Be5 Qd8 34. h3 Bxe5 35. Qxe5+ Qf6 36. Qc7 Rf7 37. Qb8+ Kg7 38. Qe8 Qc6 39. Qe5+ Qf6 40. Qe8 Bd7 41. Qe3 Bc6 42. Kg1 Rd7 43. Kh1 Rd8 44. a3 Re8 45. Qg3 Rxe1+ 46. Qxe1 Kf7 47. Qg3 Ke6 48. Qb3+ Kd6 49. Qb4+ Kc7 50. Kh2 Qd6+ 51. Kh1 0-1

[Event "Catalunya-chT GpA final"]
[Site "Barcelona"]
[Date "2015.03.21"]
[Round "9.3"]
[White "Bofill Mas, Alejandro"]
[Black "Alexandrova, Olga"]
[Result "1/2-1/2"]
[WhiteElo "2344"]
[BlackElo "2432"]
[PlyCount "57"]
[EventDate "2015.03.14"]
[EventType "team-tourn"]
[EventRounds "11"]
[EventCountry "ESP"]
[SourceTitle "EXT 2016"]
[Source "ChessBase"]
[SourceDate "2015.10.08"]
[SourceVersion "1"]
[SourceVersionDate "2015.10.08"]
[SourceQuality "1"]
[WhiteTeam "Barcelona Escola Escacs"]
[BlackTeam "Barcelona Escola Escacs"]
[WhiteTeamCountry "ESP"]
[BlackTeamCountry "ESP"]

1. c4 c5 2. g3 Nf6 3. Bg2 d5 4. cxd5 Nxd5 5. Nc3 Nc7 6. Nf3 Nc6 7. 0-0 e5 8. a3 Rb8 9. e3 Be7 10. d4 exd4 11. exd4 cxd4 12. Ne2 Ne6 13. b4 Bf6 14. Bb2 0-0 15. Qd3 Qb6 16. Rfd1 Rd8 17. Rac1 a6 18. Rc2 Bd7 19. Rcd2 Be8 20. Qe4 a5 21. Nexd4 Nexd4 22. Nxd4 axb4 23. Nxc6 Bxc6 24. Qxb4 Rxd2 25. Rxd2 Qxb4 26. axb4 Bxb2 27. Rxb2 Kf8 28. Rc2 Ke7 29. Bxc6 1/2-1/2

[Event "Catalunya-chT Gp1"]
[Site "Barcelona"]
[Date "2015.02.14"]
[Round "4.3"]
[White "Cervello Tost, Ferran"]
[Black "Alexandrova, Olga"]
[Result "1-0"]
[WhiteElo "2272"]
[BlackElo "2432"]
[PlyCount "69"]
[EventDate "2015.01.24"]
[EventType "team-tourn"]
[EventRounds "7"]
[EventCountry "ESP"]
[SourceTitle "CBM 164 Extra"]
[Source "ChessBase"]
[SourceDate "2015.03.02"]
[SourceVersion "1"]
[SourceVersionDate "2015.03.02"]
[SourceQuality "1"]
[WhiteTeam "Peona I Peo"]
[BlackTeam "Barcelona Escola Escacs"]
[WhiteTeamCountry "ESP"]
[BlackTeamCountry "ESP"]

1. Nf3 Nf6 2. g3 b5 3. Bg2 Bb7 4. 0-0 e6 5. d4 c5 6. c3 Be7 7. dxc5 Bxc5 8. b4 Be7 9. a4 bxa4 10. Qxa4 0-0 11. Nbd2 Qc7 12. Bb2 d6 13. Nb3 Nbd7 14. Qa5 Nb6 15. Nbd4 Rfc8 16. Nb5 Qb8 17. Nxa7 Nc4 18. Nxc8 Nxa5 19. Nxe7+ Kf8 20. bxa5 Kxe7 21. Ba3 Ne4 22. Bb4 Qc7 23. Nd4 Ra6 24. Nb5 Qc4 25. Nxd6 Rxd6 26. Rad1 Kf6 27. Bxd6 Qxc3 28. a6 Ba8 29. Bxe4 Bxe4 30. a7 Ba8 31. Rc1 Qd2 32. Rc8 Be4 33. Bf4 Qa5 34. Be3 Kf5 35. Rd1 1-0

[Event "ESP-ch 79th"]
[Site "Linares"]
[Date "2014.08.26"]
[Round "2"]
[White "Lopez Mulet, Inigo"]
[Black "Alexandrova, Olga"]
[Result "0-1"]
[WhiteElo "2193"]
[BlackElo "2424"]
[PlyCount "54"]
[EventDate "2014.08.25"]
[EventType "swiss"]
[EventRounds "9"]
[EventCountry "ESP"]
[SourceTitle "CBM 162 Extra"]
[Source "ChessBase"]
[SourceDate "2014.10.17"]
[SourceVersion "1"]
[SourceVersionDate "2014.10.17"]
[SourceQuality "1"]

1. d4 Nf6 2. c4 e6 3. g3 c5 4. Nf3 cxd4 5. Nxd4 d5 6. Bg2 e5 7. Nf3 d4 8. 0-0 Nc6 9. e3 Be7 10. exd4 exd4 11. Bf4 0-0 12. Ne5 Qb6 13. Qb3 Na5 14. Qxb6 axb6 15. Nd2 Nh5 16. Nb3 Nxf4 17. gxf4 Rd8 18. Rfd1 Nxb3 19. axb3 Rxa1 20. Rxa1 d3 21. Kf1 Bb4 22. Rd1 d2 23. Bd5 Bf5 24. Ke2 Bc2 25. Rg1 Kf8 26. Rd1 Bxd1+ 27. Kxd1 Ra8 0-1

[Event "Olympiad Women-41"]
[Site "Tromsoe"]
[Date "2014.08.12"]
[Round "10.2"]
[White "Alexandrova, Olga"]
[Black "Ju, Wenjun"]
[Result "1/2-1/2"]
[WhiteElo "2424"]
[BlackElo "2559"]
[PlyCount "64"]
[EventDate "2014.08.02"]
[EventType "team-swiss"]
[EventRounds "11"]
[EventCountry "NOR"]
[SourceTitle "CBM 162"]
[Source "ChessBase"]
[SourceDate "2014.09.17"]
[SourceVersion "1"]
[SourceVersionDate "2014.09.17"]
[SourceQuality "1"]
[WhiteTeam "Spain (W)"]
[BlackTeam "China (W)"]
[WhiteTeamCountry "ESP"]
[BlackTeamCountry "CHN"]

1. d4 d6 2. e4 Nf6 3. Nd2 g6 4. Ngf3 Bg7 5. Bd3 0-0 6. 0-0 Nc6 7. c3 e5 8. dxe5 Nxe5 9. Nxe5 dxe5 10. Be2 Be6 11. Qc2 c6 12. Nc4 Qc7 13. a4 Nh5 14. Bxh5 Bxc4 15. Be2 Be6 16. Be3 Rfd8 17. Rfd1 Bf8 18. Rxd8 Rxd8 19. Rd1 a6 20. Rxd8 Qxd8 21. Qd1 Be7 22. Qxd8+ Bxd8 23. Bd1 f6 24. Bc2 Kf7 25. f3 h5 26. Kf2 Bc7 27. g3 f5 28. exf5 Bxf5 29. Be4 Be6 30. Bc2 Bf5 31. Be4 Be6 32. Bc2 Bf5 1/2-1/2

[Event "Olympiad Women-41"]
[Site "Tromsoe"]
[Date "2014.08.10"]
[Round "8.2"]
[White "Gevorgyan, Irina"]
[Black "Alexandrova, Olga"]
[Result "1/2-1/2"]
[WhiteElo "2141"]
[BlackElo "2424"]
[PlyCount "132"]
[EventDate "2014.08.02"]
[EventType "team-swiss"]
[EventRounds "11"]
[EventCountry "NOR"]
[SourceTitle "CBM 162"]
[Source "ChessBase"]
[SourceDate "2014.09.17"]
[SourceVersion "1"]
[SourceVersionDate "2014.09.17"]
[SourceQuality "1"]
[WhiteTeam "Uzbekistan (W)"]
[BlackTeam "Spain (W)"]
[WhiteTeamCountry "UZB"]
[BlackTeamCountry "ESP"]

1. Nf3 Nf6 2. c4 b6 3. g3 c5 4. Bg2 Bb7 5. 0-0 g6 6. Nc3 Bg7 7. Re1 0-0 8. e4 Nc6 9. e5 Ne8 10. d4 Nxd4 11. Nxd4 Bxg2 12. Kxg2 cxd4 13. Qxd4 d6 14. Bf4 dxe5 15. Qxd8 Rxd8 16. Bxe5 f6 17. Bf4 e5 18. Be3 Nd6 19. b3 Nf5 20. Nd5 Nxe3+ 21. Rxe3 Rd7 22. Rd1 Rfd8 23. Red3 Kf7 24. f3 Bf8 25. Kf2 Bc5+ 26. Ke2 h5 27. h3 f5 28. b4 Bd4 29. f4 Rc8 30. fxe5 Bxe5 31. Re3 Re8 32. Kf3 Rdd8 33. h4 Bb8 34. Rde1 Rxe3+ 35. Rxe3 b5 36. Re7+ Kf8 37. Rb7 bxc4 38. Rb5 Bd6 39. Ra5 Rc8 40. Ne3 c3 41. Nc2 Rc7 42. Ra6 Ke7 43. b5 Ke6 44. Ke3 Kd5 45. Kd3 Kc5 46. Nd4 Kd5 47. Nc2 Bxg3 48. Rxg6 Bxh4 49. Rh6 Bf2 50. Rxh5 Ke5 51. Nb4 Be1 52. Kc2 Bd2 53. a4 Ke4 54. a5 Rc5 55. b6 Rxa5 56. b7 Rb5 57. Nd3 Be3 58. Rh7 Bd4 59. Re7+ Kf3 60. Rd7 Ke4 61. Re7+ Kd5 62. Rd7+ Kc4 63. Rc7+ Kd5 64. Rd7+ Ke4 65. Re7+ Kf3 66. Rd7 Ke4 1/2-1/2

[Event "Olympiad Women-41"]
[Site "Tromsoe"]
[Date "2014.08.05"]
[Round "4.2"]
[White "Alexandrova, Olga"]
[Black "Frayna, Janelle Mae"]
[Result "1-0"]
[WhiteElo "2424"]
[BlackElo "2205"]
[PlyCount "77"]
[EventDate "2014.08.02"]
[EventType "team-swiss"]
[EventRounds "11"]
[EventCountry "NOR"]
[SourceTitle "CBM 162"]
[Source "ChessBase"]
[SourceDate "2014.09.17"]
[SourceVersion "1"]
[SourceVersionDate "2014.09.17"]
[SourceQuality "1"]
[WhiteTeam "Spain (W)"]
[BlackTeam "Philippines (W)"]
[WhiteTeamCountry "ESP"]
[BlackTeamCountry "PHI"]

1. d4 d5 2. c4 c6 3. Nf3 Nf6 4. e3 a6 5. Bd3 b5 6. cxd5 cxd5 7. a4 b4 8. Nbd2 e6 9. 0-0 Be7 10. Nb3 a5 11. Bd2 Ba6 12. Bxa6 Rxa6 13. Qe2 0-0 14. Rfc1 Ra7 15. Ne5 Bd6 16. Rc2 Ne4 17. f3 Nxd2 18. Qxd2 Bxe5 19. dxe5 Nd7 20. Qd4 Qb8 21. f4 h6 22. Rc6 Qa8 23. Rac1 Ra6 24. Rc7 Nb6 25. Nc5 Ra7 26. Nxe6 Rxc7 27. Rxc7 Rb8 28. Nxg7 Rb7 29. Rxb7 Qxb7 30. Nf5 Qc7 31. Qd1 Kf8 32. h3 Qc6 33. b3 Qg6 34. Qc2 Ke8 35. Nd6+ Kd7 36. Qc5 Qb1+ 37. Kh2 Qxb3 38. Qxb6 Qc3 39. Qb7+ 1-0

[Event "Olympiad Women-41"]
[Site "Tromsoe"]
[Date "2014.08.04"]
[Round "3.2"]
[White "Muzychuk, Mariya"]
[Black "Alexandrova, Olga"]
[Result "1/2-1/2"]
[WhiteElo "2530"]
[BlackElo "2424"]
[PlyCount "82"]
[EventDate "2014.08.02"]
[EventType "team-swiss"]
[EventRounds "11"]
[EventCountry "NOR"]
[SourceTitle "CBM 162"]
[Source "ChessBase"]
[SourceDate "2014.09.17"]
[SourceVersion "1"]
[SourceVersionDate "2014.09.17"]
[SourceQuality "1"]
[WhiteTeam "Ukraine (W)"]
[BlackTeam "Spain (W)"]
[WhiteTeamCountry "UKR"]
[BlackTeamCountry "ESP"]

1. e4 e6 2. d4 d5 3. Nc3 Nf6 4. Bg5 dxe4 5. Nxe4 Nbd7 6. Nf3 h6 7. Nxf6+ Nxf6 8. Bh4 c5 9. c3 cxd4 10. Nxd4 Be7 11. Bb5+ Nd7 12. Bg3 0-0 13. Qe2 a6 14. Ba4 Nc5 15. Bc2 Bd7 16. 0-0-0 Qa5 17. Kb1 Ba4 18. b4 Bxc2+ 19. Qxc2 Qb6 20. Ka1 Nd7 21. Nxe6 Qxe6 22. Rhe1 Qf6 23. Rxd7 Bxb4 24. Be5 Qe6 25. Rxb7 Bc5 26. f3 Rac8 27. Rbb1 Qd7 28. Rbd1 Qb5 29. Re4 Rfe8 30. Rde1 Bb4 31. a4 Qc5 32. R1e3 Rxe5 33. Rxe5 Bxc3+ 34. Qxc3 Qxc3+ 35. Rxc3 Rxc3 36. Kb2 Rd3 37. Rc5 Kf8 38. Rc3 Rd2+ 39. Rc2 Rd3 40. Rc3 Rd2+ 41. Rc2 Rd3 1/2-1/2

[Event "Olympiad Women-41"]
[Site "Tromsoe"]
[Date "2014.08.02"]
[Round "1.2"]
[White "Alexandrova, Olga"]
[Black "Mendieta, Kathya"]
[Result "1-0"]
[WhiteElo "2424"]
[BlackElo "1877"]
[PlyCount "79"]
[EventDate "2014.08.02"]
[EventType "team-swiss"]
[EventRounds "11"]
[EventCountry "NOR"]
[SourceTitle "CBM 162"]
[Source "ChessBase"]
[SourceDate "2014.09.17"]
[SourceVersion "1"]
[SourceVersionDate "2014.09.17"]
[SourceQuality "1"]
[WhiteTeam "Spain (W)"]
[BlackTeam "Nicaragua (W)"]
[WhiteTeamCountry "ESP"]
[BlackTeamCountry "NCA"]

1. d4 Nf6 2. c4 g6 3. Nc3 Bg7 4. e4 d6 5. f4 0-0 6. Nf3 c5 7. d5 e6 8. Be2 exd5 9. cxd5 Re8 10. e5 Nfd7 11. exd6 a6 12. a4 Qf6 13. 0-0 Qxd6 14. Kh1 Nf6 15. Ne5 Bf5 16. Bf3 h5 17. h3 Ra7 18. g4 hxg4 19. hxg4 Bc8 20. g5 Nh7 21. Ne4 Qd8 22. Be3 Nd7 23. Nc4 b6 24. Qd2 f6 25. Ned6 Rf8 26. Bg4 f5 27. Bf3 Bb7 28. Nxb7 Rxb7 29. d6 Rb8 30. Rf2 Rf7 31. Bd5 Qf8 32. Rh2 b5 33. axb5 axb5 34. Na5 Kh8 35. Nc6 Re8 36. Bxf7 Qxf7 37. Ne7 Bf8 38. Ra7 Rd8 39. Bxc5 Nxc5 40. Qc3+ 1-0

[Event "Catalunya-chT"]
[Site "Catalunya"]
[Date "2014.02.15"]
[Round "4.4"]
[White "Alexandrova, Olga"]
[Black "Jose Queralto, Daniel"]
[Result "1-0"]
[WhiteElo "2420"]
[BlackElo "2122"]
[PlyCount "85"]
[EventDate "2014.01.25"]
[EventType "team"]
[EventRounds "11"]
[EventCountry "ESP"]
[SourceTitle "EXT 2015"]
[Source "ChessBase"]
[SourceDate "2014.11.20"]
[SourceVersion "1"]
[SourceVersionDate "2014.11.20"]
[SourceQuality "1"]
[WhiteTeam "Barcelona Uga"]
[BlackTeam "Andorra"]
[WhiteTeamCountry "ESP"]
[BlackTeamCountry "AND"]

1. d4 d5 2. Nf3 Nf6 3. e3 e6 4. Bd3 c5 5. b3 Nc6 6. 0-0 Bd6 7. Bb2 0-0 8. Nbd2 a6 9. c4 b6 10. Rc1 Bb7 11. cxd5 Nxd5 12. Ne4 cxd4 13. Nxd6 Qxd6 14. Nxd4 Nxd4 15. Bxd4 Rfe8 16. Qh5 g6 17. Qh6 e5 18. Bb2 Qf8 19. Qg5 Qe7 20. Qg3 f6 21. h4 Rac8 22. h5 e4 23. Bc4 Kg7 24. h6+ Kf8 25. Rfd1 Red8 26. Bxd5 Rxc1 27. Rxc1 Rxd5 28. Rc7 Rd7 29. Bxf6 Rd1+ 30. Kh2 Qxf6 31. Rxb7 Rd5 32. Qb8+ Rd8 33. Qf4 Qxf4+ 34. exf4 Rd2 35. Kg3 Rxa2 36. Rxb6 a5 37. Rb7 Rb2 38. Rxh7 Rxb3+ 39. Kg4 Rb5 40. Rg7 Rb6 41. Ra7 Rb5 42. h7 Rh5 43. f5 1-0

[Event "EU-chT (Women) 19th"]
[Site "Warsaw"]
[Date "2013.11.12"]
[Round "5.4"]
[White "Bojkovic, Natasa"]
[Black "Alexandrova, Olga"]
[Result "1/2-1/2"]
[WhiteElo "2405"]
[BlackElo "2427"]
[PlyCount "166"]
[EventDate "2013.11.08"]
[EventType "team-swiss"]
[EventRounds "9"]
[EventCountry "POL"]
[SourceTitle "EXT 2014"]
[Source "ChessBase"]
[SourceDate "2013.11.20"]
[SourceVersion "1"]
[SourceVersionDate "2013.11.20"]
[SourceQuality "1"]
[WhiteTeam "Serbia (W)"]
[BlackTeam "Spain (W)"]
[WhiteTeamCountry "SRB"]
[BlackTeamCountry "ESP"]

1. e4 c5 2. Nf3 e6 3. c3 d5 4. exd5 Qxd5 5. d4 Nf6 6. Bd3 Be7 7. 0-0 0-0 8. Qe2 Nc6 9. Be3 Rd8 10. a3 b6 11. b4 Bb7 12. Nbd2 cxd4 13. cxd4 Rac8 14. Rac1 h6 15. h3 Bf8 16. Bc4 Qh5 17. Ba6 Bxa6 18. Qxa6 Qd5 19. b5 Ne7 20. Rxc8 Rxc8 21. Qxa7 Qxb5 22. Rb1 Qa5 23. Qxb6 Qxa3 24. Nf1 Nfd5 25. Qb3 Qd6 26. Ne5 f6 27. Nc4 Qd7 28. Nfd2 Nf5 29. Qb7 Rc7 30. Qb8 Nc3 31. Re1 Rb7 32. Qa8 Nd5 33. Nf3 Ra7 34. Qb8 Qc7 35. Qxc7 Rxc7 36. Nb2 Rc2 37. Nd1 Bb4 38. Rf1 Kf7 39. g4 Nd6 40. Ne1 Re2 41. Nd3 Ba5 42. Kg2 Nxe3+ 43. Nxe3 Rd2 44. Rd1 Rxd1 45. Nxd1 Nb5 46. d5 exd5 47. Ne3 d4 48. Nc4 Bc7 49. Kf3 Nc3 50. Nc5 Ke7 51. h4 g6 52. h5 gxh5 53. gxh5 f5 54. Nb3 Nb5 55. Ke2 Ke6 56. Kd3 Kd5 57. Ncd2 Be5 58. Nf1 Nc7 59. f4 Bxf4 60. Nxd4 Ke5 61. Nc6+ Kf6 62. Ke2 Nd5 63. Kf3 Kg5 64. Nd8 Kxh5 65. Ne6 Be5 66. Ne3 Ne7 67. Nxf5 Nxf5 68. Ke4 Kg4 69. Kxe5 h5 70. Ke4 h4 71. Nf4 Nd6+ 72. Ke3 Nc4+ 73. Ke4 Kg3 74. Ne2+ Kg2 75. Nf4+ Kf2 76. Nh3+ Kg3 77. Nf4 Kg4 78. Nd3 Nb2 79. Nxb2 h3 80. Nd3 Kg3 81. Ke3 h2 82. Nf2 Kg2 83. Ke2 Kg1 1/2-1/2

[Event "ESP-ch rapid"]
[Site "Linares"]
[Date "2013.08.27"]
[Round "9"]
[White "Dziuba, Marcin"]
[Black "Alexandrova, Olga"]
[Result "1/2-1/2"]
[WhiteElo "2589"]
[BlackElo "2431"]
[PlyCount "130"]
[EventDate "2013.08.26"]
[EventType "swiss (rapid)"]
[EventRounds "9"]
[EventCountry "ESP"]
[SourceTitle "CBM 156 Extra"]
[Source "ChessBase"]
[SourceDate "2013.10.22"]
[SourceVersion "1"]
[SourceVersionDate "2013.10.22"]
[SourceQuality "1"]

1. d4 Nf6 2. c4 e6 3. g3 Bb4+ 4. Bd2 Bxd2+ 5. Qxd2 d5 6. Nf3 0-0 7. Bg2 c6 8. 0-0 Nbd7 9. Ne5 Nxe5 10. dxe5 Nd7 11. f4 Nb6 12. cxd5 cxd5 13. Qd4 Bd7 14. Nc3 Rc8 15. b3 Qc7 16. Rfc1 Qc5 17. e3 Qxd4 18. exd4 Rc7 19. Ne2 Rfc8 20. Kf2 Bb5 21. Rxc7 Rxc7 22. Rc1 Rxc1 23. Nxc1 a5 24. g4 f6 25. Ke3 Kf7 26. Bf3 g5 27. Be2 Bxe2 28. Nxe2 h6 29. Nc3 Nd7 30. Nb5 gxf4+ 31. Kxf4 fxe5+ 32. dxe5 Ke7 33. h4 Nc5 34. Ke3 Ne4 35. Nd4 Nc3 36. a4 Ne4 37. Kf4 Nc5 38. g5 Nd3+ 39. Ke3 Nxe5 40. gxh6 Ng4+ 41. Kf4 Nxh6 42. Kg5 Nf7+ 43. Kg6 Ne5+ 44. Kg5 Nf7+ 45. Kg6 Ne5+ 46. Kg5 Nc6 47. Nf3 e5 48. h5 e4 49. Nd2 e3 50. Nf3 e2 51. Kf4 Nd4 52. Ne1 Nxb3 53. Ke5 d4 54. Ke4 Kf6 55. Kd3 Kg5 56. Kxe2 Kxh5 57. Kd3 Nc5+ 58. Kxd4 Nxa4 59. Kc4 Kg4 60. Kb5 Nc3+ 61. Kxa5 Nd5 62. Nd3 Kf5 63. Nc5 b6+ 64. Kb5 bxc5 65. Kxc5 Ke5 1/2-1/2

[Event "ESP-ch (Women)"]
[Site "Linares"]
[Date "2013.08.24"]
[Round "8"]
[White "Nicolas Zapata, Irene"]
[Black "Alexandrova, Olga"]
[Result "1/2-1/2"]
[WhiteElo "2253"]
[BlackElo "2431"]
[PlyCount "68"]
[EventDate "2013.08.19"]
[EventType "swiss"]
[EventRounds "9"]
[EventCountry "ESP"]
[SourceTitle "CBM 156 Extra"]
[Source "ChessBase"]
[SourceDate "2013.10.22"]
[SourceVersion "1"]
[SourceVersionDate "2013.10.22"]
[SourceQuality "1"]

1. e4 c5 2. Nf3 e6 3. d3 Nc6 4. g3 d6 5. Bg2 Nf6 6. 0-0 Be7 7. Re1 0-0 8. Nbd2 Qc7 9. Nc4 b5 10. Ne3 Bb7 11. g4 Nd7 12. g5 Nd4 13. h4 f6 14. Nh2 Rae8 15. c3 Nc6 16. f4 Nb6 17. f5 exf5 18. Nxf5 fxg5 19. hxg5 Ne5 20. Ng4 Nxg4 21. Qxg4 g6 22. Nh6+ Kg7 23. c4 bxc4 24. Bd2 Nd7 25. Bc3+ Ne5 26. Qh4 Bc8 27. Re3 Kh8 28. Rf1 Rxf1+ 29. Bxf1 Bf8 30. Rf3 Be6 31. Bh3 Qg7 32. Bxe6 Nxf3+ 33. Kh1 Nxh4 34. Nf7+ Kg8 1/2-1/2

[Event "ESP-ch (Women)"]
[Site "Linares"]
[Date "2013.08.21"]
[Round "4"]
[White "Ruiz Font, Elisabet"]
[Black "Alexandrova, Olga"]
[Result "0-1"]
[WhiteElo "2059"]
[BlackElo "2431"]
[PlyCount "82"]
[EventDate "2013.08.19"]
[EventType "swiss"]
[EventRounds "9"]
[EventCountry "ESP"]
[SourceTitle "CBM 156 Extra"]
[Source "ChessBase"]
[SourceDate "2013.10.22"]
[SourceVersion "1"]
[SourceVersionDate "2013.10.22"]
[SourceQuality "1"]

1. e4 c6 2. d4 d5 3. e5 c5 4. dxc5 Nc6 5. Bb5 e6 6. Nf3 Bxc5 7. 0-0 Nge7 8. c3 Ng6 9. Qe2 0-0 10. Bg5 Qc7 11. Re1 Qb6 12. Bxc6 bxc6 13. b4 Be7 14. Bxe7 Nxe7 15. Nbd2 c5 16. a3 Ba6 17. Qd1 Rfd8 18. Nb3 cxb4 19. axb4 Bc4 20. Nfd4 Bxb3 21. Qxb3 Nc6 22. Nxc6 Qxc6 23. Ra5 Rdc8 24. Rc5 Qb6 25. Rxc8+ Rxc8 26. h3 Qc6 27. Ra1 Qc7 28. f4 Qb6+ 29. Kh1 Qe3 30. Qa4 Qxc3 31. Qxa7 Qxb4 32. Qd7 Rf8 33. Rf1 Qe4 34. Rf3 g6 35. h4 Qe1+ 36. Kh2 Qxh4+ 37. Kg1 Qe1+ 38. Kh2 Qh4+ 39. Kg1 Ra8 40. Rf1 Qg3 41. Qe7 h5 0-1

[Event "ESP-ch (Women)"]
[Site "Linares"]
[Date "2013.08.20"]
[Round "3"]
[White "Alexandrova, Olga"]
[Black "Collado Barbas, Laura"]
[Result "1-0"]
[WhiteElo "2431"]
[BlackElo "2151"]
[PlyCount "97"]
[EventDate "2013.08.19"]
[EventType "swiss"]
[EventRounds "9"]
[EventCountry "ESP"]
[SourceTitle "CBM 156 Extra"]
[Source "ChessBase"]
[SourceDate "2013.10.22"]
[SourceVersion "1"]
[SourceVersionDate "2013.10.22"]
[SourceQuality "1"]

1. Nf3 e6 2. c4 f5 3. e3 Nf6 4. Be2 Be7 5. 0-0 0-0 6. b3 d5 7. d4 c6 8. Ba3 Nbd7 9. Qc1 Ne4 10. Bxe7 Qxe7 11. Qb2 b6 12. b4 Bb7 13. Nbd2 Kh8 14. Rfc1 Rac8 15. a4 Qf6 16. a5 f4 17. exf4 Qxf4 18. axb6 axb6 19. Ra7 Rb8 20. Rf1 Nxd2 21. Qxd2 Qxd2 22. Nxd2 Nf6 23. Nf3 Kg8 24. Ne5 Rfd8 25. c5 b5 26. Bg4 Nxg4 27. Nxg4 Rd7 28. Ne5 Rc7 29. Rfa1 Rbc8 30. Kf1 Kf8 31. Ke2 Kg8 32. R1a3 Kf8 33. Rf3+ Kg8 34. Re3 Kf8 35. Nf3 h6 36. Rxe6 Re8 37. Rxe8+ Kxe8 38. Ne5 Re7 39. f4 Kd8 40. Kf3 Kc7 41. f5 Kd8 42. g4 Kc7 43. h4 Kd8 44. g5 hxg5 45. hxg5 Kc7 46. Kf4 Re8 47. Nf7 Re4+ 48. Kf3 Kb8 49. Rxb7+ 1-0

[Event "Catalunya-chT Honor"]
[Site "Catalunya"]
[Date "2013.02.09"]
[Round "4.6"]
[White "Llaneza Vega, Patricia"]
[Black "Alexandrova, Olga"]
[Result "0-1"]
[WhiteElo "2241"]
[BlackElo "2427"]
[PlyCount "90"]
[EventDate "2013.01.19"]
[EventType "team-tourn"]
[EventRounds "11"]
[EventCountry "ESP"]
[SourceTitle "CBM 152 Extra"]
[Source "ChessBase"]
[SourceDate "2013.02.25"]
[SourceVersion "1"]
[SourceVersionDate "2013.02.25"]
[SourceQuality "1"]
[WhiteTeam "Foment Martinenc"]
[BlackTeam "Barcelona Uga"]
[WhiteTeamCountry "ESP"]
[BlackTeamCountry "ESP"]

1. e4 c6 2. d4 d5 3. Nc3 dxe4 4. Nxe4 Nf6 5. Nxf6+ exf6 6. c3 Bd6 7. Bd3 0-0 8. Qc2 Re8+ 9. Ne2 h6 10. Be3 Nd7 11. 0-0-0 Nf8 12. Qd2 Qa5 13. Bc4 b5 14. Bb3 Bf5 15. Ng3 Bg6 16. Rhe1 Rad8 17. Bf4 Rxe1 18. Rxe1 c5 19. Bxd6 Rxd6 20. Qf4 Rxd4 21. Qe3 Qc7 22. Bc2 Rd8 23. h4 Bxc2 24. Kxc2 Ne6 25. Nf5 Qd7 26. a3 h5 27. Kb1 g6 28. Ng3 Kg7 29. Ne4 Qd5 30. g3 a5 31. Rc1 c4 32. Re1 Qd3+ 33. Kc1 f5 34. Ng5 Qxe3+ 35. Rxe3 Kf6 36. f4 Rd5 37. Kc2 a4 38. Nf3 Nc5 39. Nd4 Ne4 40. Kd1 Nc5 41. Ke2 Nd3 42. Kf3 Nxb2 43. Re5 Rxe5 44. fxe5+ Kxe5 45. Nxb5 Nd3 0-1

[Event "Mexico City UNAM Final (Women)"]
[Site "Mexico City"]
[Date "2012.11.25"]
[Round "1"]
[White "Alexandrova, Olga"]
[Black "Ordaz Valdes, Lisandra Teresa"]
[Result "1/2-1/2"]
[WhiteElo "2409"]
[BlackElo "2350"]
[PlyCount "65"]
[EventDate "2012.11.25"]
[EventType "match (rapid)"]
[EventRounds "5"]
[EventCountry "MEX"]
[SourceTitle "CBM 151 Extra"]
[Source "ChessBase"]
[SourceDate "2012.12.18"]
[SourceVersion "1"]
[SourceVersionDate "2012.12.18"]
[SourceQuality "1"]

1. d4 d5 2. c4 e6 3. Nc3 Be7 4. Nf3 Nf6 5. Bf4 0-0 6. e3 c5 7. dxc5 Bxc5 8. cxd5 Nxd5 9. Nxd5 exd5 10. a3 Nc6 11. Bd3 h6 12. 0-0 Qf6 13. b4 Bb6 14. b5 Nd4 15. Nxd4 Bxd4 16. Rb1 Bb6 17. Qh5 Be6 18. Qe5 Qxe5 19. Bxe5 Rac8 20. Rfc1 f6 21. Bb2 Kf7 22. Kf1 Rfd8 23. Rxc8 Rxc8 24. Ke2 Bg4+ 25. Kf1 Be6 26. Rc1 Rxc1+ 27. Bxc1 d4 28. Ke2 dxe3 29. Bxe3 Bxe3 30. Kxe3 Ke7 31. Kd4 Kd6 32. f4 b6 33. g3 1/2-1/2